| 000 -LEADER |
| fixed length control field |
00836cam a22002413a 4500 |
| 005 - DATE AND TIME OF LATEST TRANSACTION |
| control field |
20180410031055.0 |
| 008 - FIXED-LENGTH DATA ELEMENTS--GENERAL INFORMATION |
| fixed length control field |
950201s1995||||xxu|||||s|||||000 | eng d |
| 040 ## - CATALOGING SOURCE |
| Transcribing Agency |
APEC Schools Library |
| Description Conventions |
rda |
| 041 ## - LANGUAGE CODE |
| Language code of text/sound track or separate title |
eng |
| 100 1# - CREATOR |
| Preferred Name of the Person |
Unknown |
| 245 12 - TITLE AND STATEMENT OF RESPONSIBILITY |
| Preferred Title Proper |
A List of Factorial Math Constants / |
| Statement of Responsibility/Parallel Statement of Responsibility |
Unknown |
| 336 ## - RDA CONTENT |
| Source |
rdacontent |
| Content Type |
text |
| 337 ## - RDA MEDIA |
| Source |
rdamedia |
| Media Type |
computer |
| 338 ## - RDA CARRIER |
| Source |
rdacarrier |
| Carrier Type |
online resource |
| 500 ## - GENERAL NOTE |
| Note on Title/Statement of Responsibility/Edition/Publication/Copyright |
The program used to calculate the factorials was a simple Scheme program, the source code of which has been lost. |
| 505 0# - CONTENTS |
| Related Work = Contents |
factorials from 1! to 99! by 1's -- factorials from 100! to 900! by 100's -- factorials from 1000! to 10000! by 1000's. |
| 506 ## - RESTRICTIONS ON ACCESS NOTE |
| Restriction on Access Note |
Public domain in the USA. |
| 516 ## - TYPE OF COMPUTER FILE OR DATA NOTE |
| Type of computer file or data note |
Text |
| 653 ## - INDEX TERM--UNCONTROLLED |
| Uncontrolled term |
Mathematics |
| 653 ## - INDEX TERM--UNCONTROLLED |
| Uncontrolled term |
Factorials |
| 655 ## - GENRE |
| Genre/form data or focus term |
electronic books |
| 856 40 - ELECTRONIC LOCATION AND ACCESS |
| Uniform Resource Identifier |
https://goo.gl/PU9GCg |
| 942 ## - ADDED ENTRY ELEMENTS (KOHA) |
| Source of Classification |
|
| Koha Item Type |
E-book/Online Resources |